Výskum využívania outsourcingu informačných systémov a informačných technológií v podnikoch na Slovensku
Gespeichert in:
| 1. Verfasser: | |
|---|---|
| Weitere Verfasser: | |
| Format: | Buchkapitel |
| Sprache: | Slowakisch |
| Tags: |
Keine Tags, Fügen Sie das erste Tag hinzu!
|
MARC
| LEADER | 00000naa$a2200000$$$4500 | ||
|---|---|---|---|
| 001 | 0064139 | ||
| 005 | 20240502083154.1 | ||
| 041 | 0 | |a slo | |
| 044 | |a UA | ||
| 245 | 1 | 0 | |a Výskum využívania outsourcingu informačných systémov a informačných technológií v podnikoch na Slovensku |c Štefan Čarnický, Juraj Neufeld |
| 100 | 1 | |a Čarnický, Štefan | |
| 700 | 1 | |a Neufeld, Juraj, 1946- | |